000
00233nam a22001097a 4500
082
_a
620.1123 MOR'T
100
_a
MORLEY, A
_9
57376
245
_a
THEORY OF STRUCTURES
260
_a
LONDON
_b
ELBS
_c
1962
300
_a
617P
942
_c
BK
999
_c
567666
_d
567666